| 000 | 00627pam a2200217 a 4500 | ||
|---|---|---|---|
| 001 | 480847 | ||
| 005 | 20241118162144.0 | ||
| 008 | 841228s1986 maua 001 0 eng | ||
| 020 |
_a0201108615 : _c$25.95 |
||
| 050 | 0 | 0 |
_aQA551 _b.F87 1986 |
| 082 | 0 | 0 |
_a516.3 _219 |
| 100 | 1 |
_aFuller, Gordon, _d1894- |
|
| 245 | 1 | 0 |
_aAnalytic geometry / _cGordon Fuller, Dalton Tarwater. |
| 250 | _a6th ed. | ||
| 260 |
_aReading, Mass. : _bAddison-Wesley, _c1986. |
||
| 300 |
_axiii, 386 p. : _bill. ; _c25 cm. |
||
| 500 | _aIncludes index. | ||
| 650 | 0 | _aGeometry, Analytic. | |
| 700 | 1 | _aTarwater, J. Dalton. | |
| 942 |
_2lcc _cBK _e6th Ed. _n0 |
||
| 999 |
_c1298 _d1298 |
||